000 00681nam a2200205 4500
999 _c164199
_d164199
005 20190513174329.0
010 _aENG-125163
020 _a9788123021201
_c255.00
035 _aEN-108695
037 _bDBAD/PUB
082 _a363.709
100 _aSharma, Subhash
245 _aWhy people protest :
_ban analysis of ecological movements/
_cby Subhash Sharma
250 _a2nd ed.
260 _aNew Delhi
_bPublications Division
_c2016
270 _aMinistry of information and broadcasting, Govt of India, CGO complex
_bNew Delhi
_e110003
300 _axiv,240p.
_c25cm(Hb)
500 _aIncludes bibliographical and index
942 _2ddc
_cEN
_h363.709
_mSHA